Patología de los cultivos florales y ornamentales
Đã lưu trong:
| Những tác giả chính: | , , |
|---|---|
| Định dạng: | Sách |
| Ngôn ngữ: | Tiếng Tây Ban Nha |
| Được phát hành: |
Madrid
Mundi-Prensa
1990
|
| Những chủ đề: | |
| Các nhãn: |
Thêm thẻ
Không có thẻ, Là người đầu tiên thẻ bản ghi này!
|
MARC
| LEADER | 00000nam a2200000 a 4500 | ||
|---|---|---|---|
| 001 | UCV7413 | ||
| 003 | CL-VaPUC | ||
| 008 | 920130e19900000SP |||||||||||||||||spa|d | ||
| 082 | 0 | 4 | |a 635.92 |b BIG |2 21 |
| 100 | 0 | |a Bigre, Jean-Pierre |e author |9 301527 | |
| 700 | 0 | |a Morand, Jean-Claude |e author |9 301528 | |
| 700 | 0 | |a Tharaud, Michel |e author |9 301529 | |
| 245 | 1 | 0 | |a Patología de los cultivos florales y ornamentales |
| 300 | |a 233 p | ||
| 942 | |c BK | ||
| 945 | |d 19920130 00:00:00 | ||
| 260 | |a Madrid |b Mundi-Prensa |c 1990 | ||
| 650 | 7 | |a PLANTAS ORNAMENTALES ENFERMEDADES Y PLAGAS |2 CL-VaPUC |9 264789 | |
| 583 | |a last modification |c 19920130 00:00:00 |k Rodrigo Vera | ||
| 999 | |c 213097 |d 213095 | ||
| 952 | |0 0 |1 0 |4 0 |6 635_920000000000000_BIG_1990 |7 0 |8 A |9 195122 |a BIBAGR |b BIBAGR |d 2019-11-14 |i 2632268 |o 635.92 BIG 1990 |p 2632268 |r 2025-01-20 |w 2019-11-14 |y BK |k AGR | ||